Score 0/99 Timer 12:00
0 Plays Today
Song Word % Correct
DefyingGravity
94.1%
A Spoonful ofSugar
93.7%
Be OurGuest
92.5%
Seasons ofLove
90.5%
Circle ofLife
89.6%
Music of theNight
88.1%
Beauty SchoolDropout
84.4%
Don't Rain On MyParade
84.4%
My FavoriteThings
82.5%
Horton Hears aWho
81.1%
Part of YourWorld
80%
Don't Cry For MeArgentina
78.7%
Put on a HappyFace
77.2%
Luck Be aLady
76%
Cell BlockTango
74.4%
You're Never Fully Dressed Without aSmile
73.6%
Castle on aCloud
70.6%
The Worst Pies inLondon
67.5%
Puttin' on theRitz
67.5%
One Hand, OneHeart
65.7%
Walk Like aMan
64.1%
I Can Hear theBells
63.8%
Some EnchantedEvening
62%
Maybe ThisTime
61.9%
Everything's Coming UpRoses
60.5%
Whatever LolaWants
59.7%
Springtime forHitler
58.6%
SunriseSunset
56.8%
Seventy SixTrombones
56.8%
Send in theClowns
55.1%
Doin' What ComesNatur'lly
53.6%
Ol' ManRiver
52.1%
SuperTrouper
51.5%
Song Word % Correct
This Jesus MustDie
50.7%
Where Did We GoWrong?
49.8%
If You WereGay
44.9%
It's a Privilege to Pee
39.4%
Put On Your SundayClothes
38.9%
Forget About theBoy
38.8%
SweetTransvestite
38.3%
Somewhere That'sGreen
36.9%
Go Into YourDance
35.8%
Those CanaanDays
35.5%
Rum TumTugger
33%
The Song of PurpleSummer
30.3%
LastMidnight
30.2%
Spread a LittleSunshine
29.6%
One Night inBangkok
29.4%
Wheels of aDream
29.1%
The Music of MySoul
29%
Rhythm of theRain
27.6%
Brave SirRobin
26.7%
Fortune Favors theBrave
25%
Finishing theHat
24.4%
Brush Up YourShakespeare
23.4%
We Need a LittleChristmas
21.1%
Why Can't the English
20.9%
Steppin' to the BadSide
20.8%
Farmer and theCowman
20.2%
Paciencia Y (Patience and)Fe
19.8%
I Miss theMountains
18%
Bless Your BeautifulHide
17.8%
Music and theMirror
17.5%
Joseph Smith AmericanMoses
16.9%
We Kiss in aShadow
16.7%
I'm a Mean OleLion
16.3%
Song Word % Correct
My Friend, theDictionary
15.7%
Chimp in aSuit
15.1%
He Plays theViolin
14.3%
AcidQueen
13.8%
Everybody Ought to Have aMaid
13.5%
My Husband MakesMovies
11.7%
Someone isWaiting
9.7%
BackwoodsBarbie
9.7%
I Loved You Once inSilence
9.6%
Standing on theCorner
9.5%
Once We WereKings
9.2%
Be Like theBluebird
8.5%
What You Don't Know AboutWomen
8.5%
Racing with theClock
8.5%
Grand OldIvy
8.5%
Lost in theDarkness
8.2%
Knowing When toLeave
8%
The Morning of theDragon
7.8%
Beyond theSea
7.6%
Walking inSpace
6.9%
Pour, O Pour the PirateSherry
6.8%
Geraniums in theWinder
6.2%
A Hundred MillionMiracles
6%
A Little MoreMascara
6%
Every Movie's aCircus
4.5%
Something Sort ofGrandish
3.6%
Too ManyTomorrows
3.3%
I've Got a Feeling I'mFallin'
3.1%
A Tree NamedSofia
2.8%
One Day inOctober
2.7%
Teach Me How toShimmy
2.5%
The Knight of theMirrors
2.3%
Taking off theRobe
2%

You're not logged in!

Compare scores with friends on all Sporcle quizzes.
OR
Log In

Sporcle TV

Today on Sporcle TV


Watch our educational content, quiz creation guides, and fun videos on Sporcle TV.

Show Comments

Extras

Top Quizzes Today


Score Distribution

Paid Content

Your Account Isn't Verified!

In order to create a playlist on Sporcle, you need to verify the email address you used during registration. Go to your Sporcle Settings to finish the process.

Report this User

Report this user for behavior that violates our Community Guidelines.

Details: